[Event "Rated Blitz game"]
[Site "?"]
[Date "2021.10.05"]
[Round "?"]
[White "max86chess"]
[Black "sillierchess"]
[Result "0-1"]
[WhiteElo "2289"]
[BlackElo "2405"]
[PlyCount "42"]
[EventDate "2021.??.??"]
[EventType "blitz"]

1. e4 e5 2. Nf3 d5 3. Nxe5 Bd6 4. d4 dxe4 5. Nc4 Nf6 6. Nc3 h6 7. Be2 Nc6 8.
Ne3 O-O 9. f3 Bb4 10. d5 Ne5 11. O-O exf3 12. Bxf3 Nxf3+ 13. Qxf3 Qd6 14. Ne4
Nxe4 15. Qxe4 Bc5 16. Kh1 Bd7 17. Nf5 Bxf5 18. Qxf5 Rae8 19. Bf4 Qb6 20. Rf3
Bd6 21. Rb3 Qf2 {Normal} 0-1

[Event "Rated Blitz game"]
[Site "?"]
[Date "2021.10.05"]
[Round "?"]
[White "Neftegor"]
[Black "KamranShirazi"]
[Result "1-0"]
[WhiteElo "2615"]
[BlackElo "2609"]
[PlyCount "97"]
[EventDate "2021.??.??"]
[EventType "blitz"]

1. e4 e5 2. Nf3 d5 3. exd5 e4 4. Qe2 Nf6 5. d3 Bb4+ 6. c3 O-O 7. dxe4 Bc5 8.
Bg5 c6 9. Nbd2 cxd5 10. e5 Re8 11. O-O-O Qc7 12. Bxf6 gxf6 13. Qb5 Bd7 14. Qd3
fxe5 15. Ng5 e4 16. Qxd5 Bg4 17. Ndxe4 Re5 18. Qd8+ Qxd8 19. Rxd8+ Kg7 20. Nxc5
Rxc5 21. Ne4 Re5 22. f3 Bf5 23. Bd3 a5 24. Rd1 Be6 25. f4 Rd5 26. Rxd5 Bxd5 27.
Bc2 Bxe4 28. Bxe4 Nc6 29. Rd7 Rb8 30. Bd5 Nd8 31. g4 h6 32. h4 b5 33. g5 b4 34.
c4 a4 35. c5 Rb5 36. Rxd8 Rxc5+ 37. Kd2 b3 38. axb3 axb3 39. Bxb3 Rb5 40. Kc3
Rc5+ 41. Bc4 Rf5 42. Rd4 f6 43. gxf6+ Kxf6 44. b4 Rh5 45. b5 Rxh4 46. b6 Rh3+
47. Kb4 Rh1 48. b7 Rb1+ 49. Bb3 {Normal} 1-0

[Event "Rated Blitz game"]
[Site "?"]
[Date "2021.10.05"]
[Round "?"]
[White "JessePinkmanGoat"]
[Black "batalla2"]
[Result "0-1"]
[WhiteElo "2331"]
[BlackElo "2471"]
[PlyCount "34"]
[EventDate "2021.??.??"]
[EventType "blitz"]

1. e4 e5 2. Nf3 d5 3. Nxe5 Bd6 4. d4 dxe4 5. Nc4 Nf6 6. Nc3 Nc6 7. Bg5 O-O 8.
Nxe4 Re8 9. Bd3 Bf5 10. Bxf6 Qxf6 11. f3 Qh4+ 12. g3 Bxg3+ 13. hxg3 Qxh1+ 14.
Kf2 Qh2+ 15. Ke3 Qxg3 16. Qg1 Qxg1+ 17. Rxg1 Bg6 {Normal} 0-1

[Event "Rated Blitz game"]
[Site "?"]
[Date "2021.10.05"]
[Round "?"]
[White "MityshevS"]
[Black "Tintyn"]
[Result "0-1"]
[WhiteElo "2341"]
[BlackElo "2421"]
[PlyCount "41"]
[EventDate "2021.??.??"]
[EventType "blitz"]

1. e4 e5 2. Nf3 d5 3. Nc3 dxe4 4. Nxe4 Nd7 5. d4 exd4 6. Nxd4 Ngf6 7. Nxf6+
Nxf6 8. Be3 Bd6 9. Bc4 O-O 10. Qd2 Ne4 11. Qe2 Re8 12. O-O-O Qf6 13. Bb3 Bd7
14. Kb1 a5 15. Nb5 a4 16. Nxd6 Nxd6 17. Bd5 a3 18. bxa3 Nb5 19. Qd2 Nc3+ 20.
Ka1 Nxd5+ 21. Bd4 {Normal} 0-1

[Event "Rated Blitz game"]
[Site "?"]
[Date "2021.10.05"]
[Round "?"]
[White "promoKC"]
[Black "JHONYOTANGcO"]
[Result "0-1"]
[WhiteElo "2453"]
[BlackElo "2414"]
[PlyCount "84"]
[EventDate "2021.??.??"]
[EventType "blitz"]

1. e4 e5 2. Nf3 d5 3. d3 dxe4 4. dxe4 Qxd1+ 5. Kxd1 Bg4 6. Bc4 Nc6 7. c3 O-O-O+
8. Ke2 f6 9. Be3 a6 10. a4 Na5 11. Ba2 Nc6 12. h3 Bh5 13. Nbd2 Bd6 14. g4 Bg6
15. Nh4 Nge7 16. Nf5 Nxf5 17. exf5 Be8 18. Ne4 Ne7 19. Rad1 Bxa4 20. Be6+ Bd7
21. Nxd6+ cxd6 22. Bb6 Bxe6 23. Bxd8 Bc4+ 24. Ke3 Rxd8 25. Rhe1 Nd5+ 26. Kf3
Nf4 27. h4 h6 28. Rd2 d5 29. g5 hxg5 30. hxg5 Nd3 31. Rg1 e4+ 32. Ke3 Rh8 33.
gxf6 gxf6 34. Rg6 Rh3+ 35. Kd4 Rf3 36. Rxf6 Nxf2 37. Kc5 e3 38. Rd4 e2 39. Kd6
Kb8 40. Re6 Ne4+ 41. Rdxe4 dxe4 42. Rxe4 Rf1 {Time forfeit} 0-1

[Event "Rated Blitz game"]
[Site "?"]
[Date "2021.10.05"]
[Round "?"]
[White "naturalmolecule"]
[Black "sillierchess"]
[Result "0-1"]
[WhiteElo "2406"]
[BlackElo "2414"]
[PlyCount "50"]
[EventDate "2021.??.??"]
[EventType "blitz"]

1. e4 e5 2. Nf3 d5 3. exd5 Bd6 4. Nc3 Nf6 5. d3 h6 6. Be2 O-O 7. O-O c6 8. dxc6
Nxc6 9. Re1 Be6 10. h3 Qd7 11. Be3 Nd5 12. Nxd5 Bxd5 13. Nd2 f5 14. Bf3 Be6 15.
Nb3 b6 16. c4 Rf6 17. Qc2 f4 18. Bd2 Rc8 19. a4 Bxh3 20. Bd5+ Kh8 21. c5 Ne7
22. Be4 Bxg2 23. Kxg2 Qg4+ 24. Kh2 f3 25. Rh1 Qg2# {Normal} 0-1

[Event "Rated Blitz game"]
[Site "?"]
[Date "2021.10.05"]
[Round "?"]
[White "LevPaukman"]
[Black "Tintyn"]
[Result "1-0"]
[WhiteElo "2479"]
[BlackElo "2421"]
[PlyCount "133"]
[EventDate "2021.??.??"]
[EventType "blitz"]

1. e4 e5 2. Nf3 d5 3. Nxe5 Bd6 4. d4 dxe4 5. Nc4 Nf6 6. Nxd6+ Qxd6 7. Be2 O-O
8. O-O Nc6 9. Be3 Bf5 10. c3 Nd5 11. Nd2 Nxe3 12. fxe3 Bg6 13. Nc4 Qe7 14. Rf4
Rad8 15. Qe1 f5 16. h4 h6 17. h5 Be8 18. Qg3 Qg5 19. Qh3 Ne7 20. Ne5 Nd5 21.
Bc4 Kh7 22. Bxd5 Rxd5 23. Raf1 Bxh5 24. Rxf5 Rxf5 25. Rxf5 Bg4 26. Rxg5 Bxh3
27. Rh5 Bg4 28. Rh4 Bf5 29. g4 g5 30. Rh2 Be6 31. Rf2 Kg7 32. Kg2 Rd8 33. Kg3
Bxa2 34. c4 Rf8 35. Rc2 Bb1 36. Rc1 Bd3 37. c5 c6 38. b4 Rf1 39. Nxd3 Rf3+ 40.
Kg2 Rxe3 41. Nf2 Rb3 42. Rc4 e3 43. Ne4 Rb2+ 44. Kf3 e2 45. Kf2 Kg6 46. Ng3 Rb3
47. Nxe2 Rh3 48. Ng3 Rh4 49. Kf3 Rh2 50. d5 Rb2 51. dxc6 Kf7 52. Rd4 bxc6 53.
Nf5 Ke6 54. Rd6+ Ke5 55. Ne3 Rxb4 56. Rxc6 Rb3 57. Rxh6 Kd4 58. Rd6+ Kxc5 59.
Rd5+ Kc6 60. Rxg5 Rb7 61. Re5 Rf7+ 62. Ke4 a6 63. g5 Rd7 64. g6 Rg7 65. Re6+
Kd7 66. Rxa6 Ke7 67. Kf5 {Time forfeit} 1-0

[Event "Rated Blitz game"]
[Site "?"]
[Date "2021.10.05"]
[Round "?"]
[White "RafaelSanzio"]
[Black "Porgy"]
[Result "1-0"]
[WhiteElo "2437"]
[BlackElo "2423"]
[PlyCount "55"]
[EventDate "2021.??.??"]
[EventType "blitz"]

1. e4 e5 2. Nf3 d5 3. exd5 Bd6 4. Bb5+ c6 5. dxc6 bxc6 6. Ba4 Nf6 7. d3 O-O 8.
O-O Bg4 9. Nc3 Qc7 10. Bg5 Nbd7 11. h3 Bh5 12. Ne4 Nxe4 13. dxe4 Nc5 14. c3
Nxa4 15. Qxa4 Bxf3 16. gxf3 Rab8 17. Qc2 f6 18. Be3 Qc8 19. Kg2 f5 20. exf5
Rxf5 21. Rfd1 Rh5 22. Rh1 Qe6 23. Rad1 Rf8 24. Qb3 Qxb3 25. axb3 Rf6 26. Bxa7
Rg5+ 27. Kf1 Bc7 28. Rd3 {Normal} 1-0

[Event "Rated Blitz game"]
[Site "?"]
[Date "2021.10.05"]
[Round "?"]
[White "Azamat-Ulkhanov"]
[Black "anjaya01"]
[Result "0-1"]
[WhiteElo "2468"]
[BlackElo "2447"]
[PlyCount "101"]
[EventDate "2021.??.??"]
[EventType "blitz"]

1. e4 e5 2. Nf3 d5 3. Nc3 Bd6 4. Nxd5 Nf6 5. Nxf6+ Qxf6 6. d4 exd4 7. Qxd4 Nc6
8. Qxf6 gxf6 9. Bb5 Bd7 10. Be3 O-O-O 11. O-O-O Rde8 12. Nd2 f5 13. exf5 a6 14.
Bc4 f6 15. g4 h5 16. h3 Ne5 17. Be2 Bc6 18. Rhg1 hxg4 19. hxg4 Nf7 20. Nb3 Bh2
21. Nd4 Be4 22. Rge1 Ng5 23. Ne6 Nxe6 24. fxe6 Rxe6 25. Bc4 Ree8 26. Bd4 Bf4+
27. Kb1 Bf3 28. Bf7 Ref8 29. Be6+ Kb8 30. Rd3 Bc6 31. Bc3 Rh2 32. Bd5 Bxd5 33.
Rxd5 Rxf2 34. Rf5 Bg3 35. Rxf2 Bxf2 36. Rf1 Bh4 37. Bd2 Rg8 38. Rg1 Bg5 39.
Bxg5 Rxg5 40. c4 f5 41. Kc2 fxg4 42. Kd3 Ka7 43. Ke3 Kb6 44. Kf4 Rg8 45. b4 a5
46. a3 axb4 47. axb4 c5 48. bxc5+ Kxc5 49. Kg3 Kxc4 50. Rc1+ Kd5 51. Rb1 {
Normal} 0-1

[Event "Rated Blitz tournament yEFOZCuL"]
[Site "?"]
[Date "2021.10.05"]
[Round "?"]
[White "MyDirtyDoubleCheck"]
[Black "arrashii"]
[Result "0-1"]
[WhiteElo "2403"]
[BlackElo "2312"]
[PlyCount "66"]
[EventDate "2021.??.??"]
[EventType "blitz"]

1. e4 e5 2. Nf3 d5 3. Nxe5 dxe4 4. d4 Be6 5. Be3 Nf6 6. c4 Nbd7 7. Nxd7 Bxd7 8.
Nc3 Be7 9. Qd2 O-O 10. Be2 Bf5 11. h3 Bg6 12. g4 c5 13. d5 Bd6 14. h4 h5 15.
gxh5 Nxh5 16. O-O-O f5 17. Bg5 Qe8 18. Rdg1 a6 19. Qd1 Nf4 20. h5 Bf7 21. Kb1
Kh7 22. Qd2 Qe5 23. Bd1 Nd3 24. Bc2 Nb4 25. Rh4 Qd4 26. Qxd4 cxd4 27. Nd1 b5
28. b3 d3 29. Bxd3 Nxd3 30. Be3 Be5 31. Kc2 bxc4 32. bxc4 Rab8 33. c5 Bxd5 {
Normal} 0-1

[Event "Rated Blitz game"]
[Site "?"]
[Date "2021.10.05"]
[Round "?"]
[White "Endspiellehrer"]
[Black "sillierchess"]
[Result "0-1"]
[WhiteElo "2260"]
[BlackElo "2413"]
[PlyCount "114"]
[EventDate "2021.??.??"]
[EventType "blitz"]

1. e4 e5 2. Nf3 d5 3. exd5 Bd6 4. Nc3 Nf6 5. Bc4 e4 6. Ng5 O-O 7. O-O Bxh2+ 8.
Kxh2 Ng4+ 9. Kg1 Qxg5 10. Nxe4 Qh4 11. Re1 Bf5 12. Qf3 Bxe4 13. Rxe4 Qh2+ 14.
Kf1 Nf6 15. Re3 Nbd7 16. d4 Nb6 17. Bb3 Rad8 18. c4 c6 19. Re5 h5 20. Bg5 Ng4
21. Bxd8 Nxe5 22. dxe5 Qh1+ 23. Ke2 Qxa1 24. Bxb6 Qxb2+ 25. Kf1 axb6 26. Qxh5
Re8 27. e6 Qf6 28. g3 g6 29. Qg4 Qf5 30. Qe2 fxe6 31. dxe6 c5 32. Bc2 Qxe6 33.
Qf3 Re7 34. Kg2 Qc6 35. Qxc6 bxc6 36. Bxg6 Ra7 37. Be4 Rxa2 38. Bxc6 Kf7 39.
Bb5 Kf6 40. Kf3 Kg5 41. Ke3 Ra3+ 42. Ke4 Kg4 43. Bd7+ Kg5 44. f4+ Kf6 45. g4
Ra1 46. g5+ Ke7 47. Bc6 Re1+ 48. Kf5 Kf7 49. Bb5 Rf1 50. g6+ Kg7 51. Kg5 Rg1+
52. Kf5 Rxg6 53. Be8 Rf6+ 54. Ke5 Rf8 55. f5 Rxe8+ 56. Kd6 Rf8 57. Kc6 Rf6+ {
Time forfeit} 0-1

[Event "Rated Blitz game"]
[Site "?"]
[Date "2021.10.05"]
[Round "?"]
[White "ringhio"]
[Black "Veysi13"]
[Result "0-1"]
[WhiteElo "2238"]
[BlackElo "2401"]
[PlyCount "74"]
[EventDate "2021.??.??"]
[EventType "blitz"]

1. e4 e5 2. Nf3 d5 3. Nxe5 Bd6 4. d4 dxe4 5. Nc4 Nf6 6. Be2 O-O 7. Nxd6 Qxd6 8.
Nc3 Re8 9. Be3 a6 10. a4 Nc6 11. O-O g6 12. h3 h5 13. Qd2 Ne7 14. Rad1 Ned5 15.
Bg5 Nxc3 16. bxc3 Nh7 17. Bf4 Qe7 18. c4 g5 19. Be3 f5 20. d5 f4 21. Bd4 f3 22.
gxf3 Bxh3 23. Rfe1 Qf7 24. fxe4 Rxe4 25. f3 Rh4 26. Bf2 Rf4 27. Bg3 Rxf3 28.
Bxf3 Qxf3 29. Qf2 Qg4 30. Kh2 Rf8 31. Qg1 Nf6 32. Be5 Qxg1+ 33. Rxg1 Bg4 34.
Rdf1 Kg7 35. Rxg4 hxg4 36. Kg3 Kg6 37. c5 Ne4+ {Normal} 0-1

[Event "Rated Blitz tournament vDxRG1hg"]
[Site "?"]
[Date "2021.10.05"]
[Round "?"]
[White "llamolabalaperdida"]
[Black "CaroyinixDiscomix"]
[Result "1-0"]
[WhiteElo "2477"]
[BlackElo "2460"]
[PlyCount "51"]
[EventDate "2021.??.??"]
[EventType "blitz"]

1. e4 e5 2. Nf3 d5 3. Nxe5 Bd6 4. d4 dxe4 5. Nc4 Nf6 6. Nxd6+ Qxd6 7. Nc3 h6 8.
h3 Bf5 9. Be3 O-O 10. Bc4 Nc6 11. Qd2 Rad8 12. O-O-O b5 13. Nxb5 Qd7 14. g4 Be6
15. Bxe6 fxe6 16. Rhg1 Nd5 17. g5 h5 18. g6 Nxe3 19. Qxe3 Rf5 20. Nc3 Nxd4 21.
Nxe4 c5 22. c3 Rc8 23. Nxc5 Rfxc5 24. Rxd4 Qb7 25. Rgd1 Qc7 26. Kb1 {Normal}
1-0

[Event "Rated Blitz game"]
[Site "?"]
[Date "2021.10.05"]
[Round "?"]
[White "AWDHNA"]
[Black "jeruchess"]
[Result "1-0"]
[WhiteElo "2236"]
[BlackElo "2410"]
[PlyCount "155"]
[EventDate "2021.??.??"]
[EventType "blitz"]

1. e4 e5 2. Nf3 d5 3. exd5 e4 4. Qe2 Nf6 5. Nc3 Be7 6. Nd4 O-O 7. d3 exd3 8.
Qxd3 Re8 9. Be3 Nxd5 10. Nxd5 Qxd5 11. Nf3 Qa5+ 12. c3 Bf5 13. Qd4 Nc6 14. Qf4
Bd6 15. Qh4 Ne5 16. Nxe5 Rxe5 17. Be2 Re4 18. Qh5 g6 19. Qg5 Be7 20. Qh6 Bf6
21. O-O Rae8 22. Bf3 Bg7 23. Qg5 h6 24. Qg3 R4e7 25. Rfd1 Kh7 26. Bxb7 Be5 27.
Qf3 Bg7 28. h3 Qa4 29. Bc6 Qa5 30. Bxe8 Rxe8 31. Rd5 Qa4 32. Rxf5 gxf5 33.
Qxf5+ Kg8 34. Rf1 Qxa2 35. b4 Qe6 36. Qxe6 Rxe6 37. Rc1 a6 38. Kf1 Rc6 39. Bd2
Rc4 40. Ke2 Bf8 41. Kd3 Rc6 42. Be3 Rg6 43. g3 Rd6+ 44. Kc2 Rc6 45. Kb3 h5 46.
Bd4 f6 47. Re1 Kf7 48. Re3 Rd6 49. Rf3 Re6 50. h4 Bd6 51. Rf5 Kg6 52. Ra5 Re7
53. Rxa6 Kf7 54. Ra7 Re2 55. c4 Re1 56. c5 Rb1+ 57. Kc2 Rxb4 58. cxd6 Rxd4 59.
Rxc7+ Ke6 60. d7 f5 61. d8=Q Rxd8 62. Rh7 Ke5 63. Rxh5 Ke4 64. Rg5 Ra8 65. h5
Ra1 66. Kd2 Rh1 67. Ke2 Rh2 68. Kf1 Ke5 69. Kg1 Rh3 70. Kg2 Rxh5 71. Rxh5 Kf6
72. Rh4 Kg5 73. Rf4 Kg6 74. g4 fxg4 75. Rf5 Kxf5 76. Kg3 Kg5 77. Kg2 Kf4 78.
Kf1 {Time forfeit} 1-0

[Event "Rated Blitz game"]
[Site "?"]
[Date "2021.10.05"]
[Round "?"]
[White "livaistonee"]
[Black "Annali-annaliew1979"]
[Result "1-0"]
[WhiteElo "2392"]
[BlackElo "2408"]
[PlyCount "69"]
[EventDate "2021.??.??"]
[EventType "blitz"]

1. e4 e5 2. Nf3 d5 3. exd5 e4 4. Qe2 f5 5. d3 Nf6 6. Nc3 Bb4 7. Bd2 Bxc3 8.
Bxc3 O-O 9. dxe4 Nxe4 10. Be5 Re8 11. O-O-O Nd7 12. Bd4 Ng3 13. hxg3 Rxe2 14.
Bxe2 Nf6 15. Bc4 Qd6 16. Be5 Qc5 17. Bb3 Kf8 18. a3 Ng4 19. Bc3 h6 20. Bb4 Qd6
21. Bxd6+ cxd6 22. Rd2 Bd7 23. Nd4 Kf7 24. Ne6 Rc8 25. Nf4 b5 26. Nd3 a5 27.
Re2 Nf6 28. f3 b4 29. axb4 axb4 30. Rhe1 Bb5 31. Re7+ Kg6 32. Nf4+ Kh7 33. Rf7
Be8 34. Rf8 Nd7 35. Rfxe8 {Normal} 1-0

[Event "Rated Blitz tournament vDxRG1hg"]
[Site "?"]
[Date "2021.10.05"]
[Round "?"]
[White "miguelho67"]
[Black "CaroyinixDiscomix"]
[Result "0-1"]
[WhiteElo "2600"]
[BlackElo "2458"]
[PlyCount "62"]
[EventDate "2021.??.??"]
[EventType "blitz"]

1. e4 e5 2. Nf3 d5 3. Nxe5 Bd6 4. d4 dxe4 5. Nc4 Nf6 6. Nxd6+ Qxd6 7. Nc3 Bf5
8. Be2 Nc6 9. Be3 O-O-O 10. d5 Nxd5 11. Nb5 Qe5 12. Qc1 a6 13. Na3 Nxe3 14.
fxe3 h5 15. O-O h4 16. Nc4 Qc5 17. a3 Be6 18. b4 Qg5 19. Rf4 h3 20. g3 Bxc4 21.
Bxc4 Ne5 22. Be2 f5 23. Qb2 Ng6 24. Raf1 Nxf4 25. exf4 Qe7 26. Bc4 Rd2 27. Qc3
Rhd8 28. Rf2 e3 29. Re2 Qe4 30. Qxe3 Rd1+ 31. Re1 Qxe3+ {Normal} 0-1

[Event "Rated Blitz game"]
[Site "?"]
[Date "2021.10.05"]
[Round "?"]
[White "Schnarchi"]
[Black "GrandeGila"]
[Result "0-1"]
[WhiteElo "2367"]
[BlackElo "2535"]
[PlyCount "22"]
[EventDate "2021.??.??"]
[EventType "blitz"]

1. e4 e5 2. Nf3 d5 3. Nxe5 Bd6 4. d4 dxe4 5. Nc3 Bxe5 6. dxe5 Qxd1+ 7. Kxd1 Ne7
8. Nxe4 Nbc6 9. f4 Bf5 10. Bd3 O-O-O 11. Be3 Bxe4 {Normal} 0-1

[Event "Rated Blitz tournament vDxRG1hg"]
[Site "?"]
[Date "2021.10.05"]
[Round "?"]
[White "Spaine"]
[Black "CaroyinixDiscomix"]
[Result "0-1"]
[WhiteElo "2482"]
[BlackElo "2458"]
[PlyCount "106"]
[EventDate "2021.??.??"]
[EventType "blitz"]

1. e4 e5 2. Nf3 d5 3. exd5 e4 4. Qe2 Nf6 5. d3 Qxd5 6. Nbd2 Nc6 7. dxe4 Qc5 8.
c3 Be6 9. Nb3 Qh5 10. h3 O-O-O 11. Rg1 h6 12. g4 Qg6 13. Nh4 Qxe4 14. Qxe4 Nxe4
15. Bg2 Nc5 16. Nxc5 Bxc5 17. Bxc6 bxc6 18. Be3 Bxe3 19. fxe3 Rd3 20. Ke2 Rhd8
21. Rgd1 Bc4 22. Rxd3 Bxd3+ 23. Kf2 Be4 24. Re1 Rd2+ 25. Re2 Rd1 26. Nf3 c5 27.
b3 f5 28. gxf5 Bxf5 29. Kg3 Be4 30. Nd2 Bc6 31. c4 Bd7 32. e4 g5 33. e5 Be6 34.
Ne4 Rd3+ 35. Kf2 Rxh3 36. Nxc5 Bg4 37. e6 Rf3+ 38. Kg1 Rg3+ 39. Kh2 Rh3+ 40.
Kg2 Bxe2 41. Kxh3 Kd8 42. Kg3 Ke7 43. Kf2 Bd1 44. b4 Bc2 45. Ke3 Kd6 46. a4 a5
47. Kd4 axb4 48. Nb7+ Ke7 49. c5 b3 50. Kc3 b2 51. a5 b1=Q 52. Kc4 Kxe6 53. Kd4
Qb3 {Time forfeit} 0-1

[Event "Rated Blitz game"]
[Site "?"]
[Date "2021.10.05"]
[Round "?"]
[White "Munchen1878"]
[Black "Tristan2020"]
[Result "0-1"]
[WhiteElo "2406"]
[BlackElo "2247"]
[PlyCount "74"]
[EventDate "2021.??.??"]
[EventType "blitz"]

1. e4 e5 2. Nf3 d5 3. exd5 e4 4. Qe2 Nf6 5. d3 Qxd5 6. Nc3 Bb4 7. Bd2 Bxc3 8.
Bxc3 O-O 9. dxe4 Nxe4 10. Rd1 Nxc3 11. Rxd5 Nxe2 12. Bxe2 Be6 13. Rd2 Nc6 14.
a3 Rfd8 15. Rxd8+ Rxd8 16. Bd3 h6 17. h3 Kf8 18. Ke2 Ke7 19. Rd1 Kf6 20. b3
Nd4+ 21. Nxd4 Rxd4 22. Ke3 c5 23. b4 b6 24. c3 Rd8 25. f4 Bb3 26. Rb1 c4 27.
Be4 Re8 28. Kf3 Rxe4 29. Kxe4 Bc2+ 30. Kd4 Bxb1 31. Kxc4 Kf5 32. g3 Ke4 33. Kb5
Kd3 34. Ka6 Kxc3 35. Kxa7 b5 36. Kb6 Kc4 37. Ka5 Bc2 {Normal} 0-1

[Event "Rated Blitz game"]
[Site "?"]
[Date "2021.10.05"]
[Round "?"]
[White "Chisopa1"]
[Black "Annali-annaliew1979"]
[Result "1-0"]
[WhiteElo "2466"]
[BlackElo "2395"]
[PlyCount "67"]
[EventDate "2021.??.??"]
[EventType "blitz"]

1. e4 e5 2. Nf3 d5 3. exd5 e4 4. Qe2 f5 5. d3 Nf6 6. dxe4 fxe4 7. Nc3 Bb4 8.
Bd2 Bxc3 9. Bxc3 O-O 10. Ne5 Nbd7 11. O-O-O Nxe5 12. Bxe5 Ng4 13. Bg3 Bf5 14.
Qc4 Kh8 15. h3 Nf6 16. Bxc7 Qd7 17. d6 a6 18. g4 Be6 19. Qd4 Nd5 20. Bc4 Nf4
21. Qxe4 Bxc4 22. Qxc4 b5 23. Qb3 a5 24. Rhe1 a4 25. Qg3 a3 26. b3 Qc6 27. Re5
Ng6 28. Re3 Rfc8 29. d7 Rxc7 30. d8=Q+ Nf8 31. Rc3 Qxc3 32. Qxc3 Rca7 33. Rd7
Kg8 34. Qxg7# {Normal} 1-0

[Event "Rated Blitz game"]
[Site "?"]
[Date "2021.10.05"]
[Round "?"]
[White "Sa_ing"]
[Black "batalla2"]
[Result "1-0"]
[WhiteElo "2474"]
[BlackElo "2494"]
[PlyCount "67"]
[EventDate "2021.??.??"]
[EventType "blitz"]

1. e4 e5 2. Nf3 d5 3. Nxe5 Bd6 4. d4 dxe4 5. Nc4 Nf6 6. Be2 Nc6 7. c3 O-O 8.
Bg5 h6 9. Bh4 Bf5 10. Nbd2 Re8 11. Ne3 Bg6 12. Ndc4 Be7 13. g4 Nd5 14. Bg3 Nxe3
15. Nxe3 Qd7 16. h4 Rad8 17. g5 hxg5 18. hxg5 Bxg5 19. Bg4 Qe7 20. Qe2 Bh6 21.
Nf5 Bxf5 22. Bxf5 Qg5 23. Rh5 Qf6 24. Bh4 Qd6 25. Qg4 e3 26. f3 e2 27. Be4 Nxd4
28. cxd4 Qb4+ 29. Kxe2 Qd2+ 30. Kf1 Rxd4 31. Re1 Be3 32. Re2 Qd1+ 33. Be1 Rd2
34. Rxe3 {Time forfeit} 1-0

[Event "Rated Blitz game"]
[Site "?"]
[Date "2021.10.05"]
[Round "?"]
[White "CJ100"]
[Black "specialprize4u"]
[Result "1-0"]
[WhiteElo "2536"]
[BlackElo "2424"]
[PlyCount "96"]
[EventDate "2021.??.??"]
[EventType "blitz"]

1. e4 e5 2. Nf3 d5 3. d3 dxe4 4. dxe4 Qxd1+ 5. Kxd1 Nc6 6. Bb5 Bd7 7. Nc3 O-O-O
8. Ke2 Nf6 9. h3 Bb4 10. Bg5 Bxc3 11. Bxf6 gxf6 12. bxc3 f5 13. Ke3 fxe4 14.
Bxc6 Bxc6 15. Nxe5 Be8 16. Rad1 Rxd1 17. Rxd1 f6 18. Ng4 Rf8 19. g3 h5 20. Nh6
Bd7 21. Kxe4 Bxh3 22. Kf4 Re8 23. Rh1 Be6 24. Rxh5 Bxa2 25. Nf5 Re2 26. Rh8+
Kd7 27. Rh7+ Kd8 28. f3 Bd5 29. Nd4 Rf2 30. Ke3 Rf1 31. f4 c5 32. Nf5 Rf3+ 33.
Ke2 Rxc3 34. Kd2 Ra3 35. Ne3 Be4 36. Rf7 a5 37. Rxf6 a4 38. Re6 Bf3 39. f5 Ra1
40. f6 Bh5 41. Re5 Bf7 42. Re7 Bh5 43. Rxb7 a3 44. f7 Bxf7 45. Rxf7 a2 46. Ra7
Rg1 47. Rxa2 Rxg3 48. Ra5 Rg5 {Normal} 1-0

[Event "Rated Blitz game"]
[Site "?"]
[Date "2021.10.05"]
[Round "?"]
[White "LeDernier_Kebab"]
[Black "Annali-annaliew1979"]
[Result "1-0"]
[WhiteElo "2297"]
[BlackElo "2407"]
[PlyCount "55"]
[EventDate "2021.??.??"]
[EventType "blitz"]

1. e4 e5 2. Nf3 d5 3. Nxe5 Qe7 4. Nf3 dxe4 5. Nd4 f5 6. Qe2 Nf6 7. Nc3 c5 8.
Nb3 Nc6 9. d3 Nd4 10. Nxd4 cxd4 11. Nb1 Bd7 12. dxe4 fxe4 13. Bg5 Bc6 14. Nd2
O-O-O 15. O-O-O Qe5 16. Bh4 e3 17. Nc4 Qc5 18. Bxf6 g6 19. Bxd8 Bh6 20. fxe3
Rxd8 21. Kb1 Bb5 22. Qd3 Kb8 23. exd4 Qh5 24. Be2 Qh4 25. Qg3+ Qxg3 26. hxg3
Re8 27. Bd3 Kc7 28. Rxh6 {Normal} 1-0

[Event "Rated Blitz game"]
[Site "?"]
[Date "2021.10.05"]
[Round "?"]
[White "Niemans"]
[Black "GoughPhar"]
[Result "1-0"]
[WhiteElo "2461"]
[BlackElo "2463"]
[PlyCount "73"]
[EventDate "2021.??.??"]
[EventType "blitz"]

1. e4 e5 2. Nf3 d5 3. exd5 e4 4. Ne5 Qxd5 5. Nc4 Nf6 6. Nc3 Qf5 7. Ne3 Qa5 8.
d3 Nc6 9. Bd2 exd3 10. Bxd3 Be6 11. O-O O-O-O 12. Ncd5 Qc5 13. b4 Qd4 14. Nxf6
Qxf6 15. b5 Ne5 16. Bc3 Bc5 17. Kh1 Bd4 18. Bxd4 Rxd4 19. Qe2 h5 20. Rae1 Rh4
21. g3 Ng4 22. gxh4 Qf4 23. f3 Nf6 24. Ng2 Qd6 25. Bc4 Re8 26. Bxe6+ Rxe6 27.
Qf2 Nd5 28. Rxe6 Qxe6 29. Re1 Qg6 30. Qd4 Nf6 31. Rd1 b6 32. Nf4 Qxc2 33. Nd5
Nxd5 34. Qxd5 Qf2 35. Qd7+ Kb8 36. Qc6 Kc8 37. Qa8# {Normal} 1-0

[Event "Rated Blitz tournament 51dQd7Hj"]
[Site "?"]
[Date "2021.10.05"]
[Round "?"]
[White "CCHIGHNOON"]
[Black "dr_xStranger"]
[Result "1-0"]
[WhiteElo "2212"]
[BlackElo "2545"]
[PlyCount "85"]
[EventDate "2021.??.??"]
[EventType "blitz"]

1. e4 e5 2. Nf3 d5 3. Nxe5 Bd6 4. d4 dxe4 5. Bc4 Bxe5 6. Qh5 Qe7 7. Qxe5 Qxe5
8. dxe5 Nc6 9. Bd5 Nge7 10. Bxe4 Nxe5 11. O-O O-O 12. Bf4 N5g6 13. Bxg6 Nxg6
14. Bxc7 Bf5 15. c3 Rfe8 16. Na3 Rac8 17. Bg3 h5 18. h3 a5 19. Nb5 Bd3 20. Nd6
Bxf1 21. Nxc8 Bd3 22. Nd6 Re2 23. Nxb7 Rxb2 24. Nc5 h4 25. Nxd3 Rd2 26. Bxh4
Rxd3 27. Bg3 Rxc3 28. Rb1 Rc2 29. Rb8+ Kh7 30. a3 a4 31. Rb4 Ne7 32. Rxa4 Nd5
33. Ra7 Kg6 34. a4 Ra2 35. a5 Nc3 36. Bc7 Ra1+ 37. Kh2 Ne4 38. Bb6 Nd2 39. Rd7
Nf1+ 40. Kg1 f5 41. g3 Nxg3+ 42. Kg2 Ne4 43. Rxg7+ {Normal} 1-0

[Event "Rated Blitz game"]
[Site "?"]
[Date "2021.10.05"]
[Round "?"]
[White "GUILLERMO-REYES-21"]
[Black "GoughPhar"]
[Result "0-1"]
[WhiteElo "2398"]
[BlackElo "2457"]
[PlyCount "124"]
[EventDate "2021.??.??"]
[EventType "blitz"]

1. e4 e5 2. Nf3 d5 3. Nxe5 Bd6 4. d4 dxe4 5. Bb5+ c6 6. Bc4 Bxe5 7. dxe5 Qxd1+
8. Kxd1 Bg4+ 9. Ke1 Nd7 10. Bf4 Ne7 11. h3 Bf5 12. g4 Bg6 13. Nc3 h5 14. Ke2
O-O-O 15. Bg3 Nb6 16. Bb3 Ned5 17. Nxd5 Nxd5 18. Rad1 Rhe8 19. a3 b5 20. c4
bxc4 21. Bxc4 Kb7 22. Bxd5 cxd5 23. Ke3 Re6 24. Rd4 Rb6 25. b4 a5 26. Rc1 axb4
27. axb4 Rc6 28. Rcd1 Rc3+ 29. Ke2 hxg4 30. hxg4 Kc6 31. b5+ Kc5 32. b6 Rc2+
33. Ke1 e3 34. fxe3 Rg2 35. Bf4 Rg1+ 36. Ke2 Rxd1 37. Kxd1 Kxb6 38. Kd2 Kc5 39.
Ra4 Be4 40. Ra7 Bg6 41. Kc3 Rc8 42. Kd2 Rb8 43. Ra2 Rb3 44. Ra5+ Kc6 45. Ra7
Rb2+ 46. Kc3 Rc2+ 47. Kb3 Rg2 48. g5 Rd2 49. Ra8 Rd3+ 50. Kb4 d4 51. Rd8 dxe3
52. Rxd3 Bxd3 53. Bxe3 Bg6 54. Bf4 Kd5 55. Kb5 Ke4 56. Bh2 Kf5 57. Kc6 Kxg5 58.
Kd6 Kf5 59. Ke7 Bh5 60. Bg3 g5 61. Bh2 Bg6 62. e6 g4 {Time forfeit} 0-1

[Event "Rated Blitz game"]
[Site "?"]
[Date "2021.10.05"]
[Round "?"]
[White "JeesusKing"]
[Black "RiskyBlitzer"]
[Result "0-1"]
[WhiteElo "2486"]
[BlackElo "2479"]
[PlyCount "78"]
[EventDate "2021.??.??"]
[EventType "blitz"]

1. e4 e5 2. Nf3 d5 3. Nxe5 dxe4 4. d4 Bd6 5. Nc4 Nc6 6. Nc3 Nf6 7. Be2 Bb4 8.
Be3 Nd5 9. O-O Bxc3 10. bxc3 Nxc3 11. Qe1 Nxe2+ 12. Qxe2 O-O 13. Rad1 f5 14. d5
Ne7 15. Bc5 b6 16. Bxe7 Qxe7 17. d6 cxd6 18. Nxd6 Be6 19. Rd4 Rfd8 20. Rfd1 h6
21. h3 Qf6 22. a4 Rd7 23. Nxe4 fxe4 24. Rxd7 Bxd7 25. Rxd7 Qa1+ 26. Kh2 Qe5+
27. g3 Rf8 28. Rxa7 h5 29. h4 Rf3 30. Kg2 Qf5 31. Re7 Rc3 32. Rxe4 Kh7 33. f3
Qc5 34. Kh3 Rxc2 35. Qe3 Qf5+ 36. g4 hxg4+ 37. Rxg4 Rc4 38. Qg5 Qxf3+ 39. Rg3
Qh1# {Normal} 0-1